| 000 | 004700000a22001690004500 | ||
|---|---|---|---|
| 090 |
_aAR _b01355 |
||
| 245 | 1 | 0 | _aRecent advances in South American mammalian paleontology |
| 650 | 1 | 4 |
_aEvolución _992797 |
| 650 | 1 | 4 |
_aMamíferos _992510 |
| 650 | 1 | 4 |
_aPaleofauna _994658 |
| 651 | 4 |
_pAmérica del Sur _992749 |
|
| 041 | 0 | _aInglés | |
| 700 | 1 |
_aWyss, André R. _994659 |
|
| 100 | 1 |
_aFlynn, John J. _985642 |
|
| 942 | _cARTICULO | ||
| 773 | 1 |
_tTree _330 _h11 _q449-454 _d1998 _g13 |
|
| 999 |
_c10440 _d10440 |
||